Kanye West all album - Statystyki

Ogólne statystyki
  • Ten quiz został rozwiązany 232 razy
  • Średni wynik to 12 z 14
Statystyki odpowiedzi
Odpowiedź % Poprawnych
3 graduation
97%
9 ye
91%
1 The college dropout
89%
12 Donda
87%
2 Late registration
87%
5 My beautiful dark twisted fantasy
87%
7 yeezus
87%
8 the life of pablo
85%
14 Vultures 2
81%
13 Vultures 1
80%
10 Kids see ghosts
74%
11 Jesus is king
73%
4 808s and Heartbreak
71%
6 Watch the throne
70%
Nie znaleziono quizów pasujących do podanych kryteriów
Rozkład punktacji
Procent ludzi z każdym wynikiem
Percentyl według liczby udzielonych odpowiedzi
Twoja historia wyników
Nie rozwiązałeś tego quizu